Банда Чорногуза (Запис № 17539)

000 -Маркер запису
Контрольне поле сталої довжини 01460nam a22002537a 4500
003 - Належність контрольного номера
Контрольне поле Uzh_bibl
008 - Кодовані дані
Контрольне поле сталої довжини 260428b |||||||| |||| 00| 0 ukr d
020 ## - Індекс ISBN
ISBN 978-617-589-168-1
Ціна 45.00
040 ## - Джерело каталогіз.
Код мови каталог. укр.
041 ## - Код мови видання
Код мови оригіналу українська
Код мови тексту українська
080 ## - Індекс УДК
Індекс УДК 821(477)
090 ## - Шифри
Поличний індекс 821(477)
Авторський знак Л 93
100 ## - Автор
Автор Любар, Михайло
245 ## - Назва
Назва Банда Чорногуза
Фізичний носій Текст
260 ## - Вихідні дані
Місце видання Ужгород
Видавництво ТДВ "Патент"
Дата видання 2019
300 ## - Фізичний опис
Обсяг 354 с.
Тип одиниці В опр.
520 ## - Анотація
Анотація У романі описані бойові події військової організації у післяреволюційний період та роки громадянської війни, боротьба з більшовицькою владою майже в кожній області України. Очолював цю організацію в 1919-1930 роках з центром управління на Вінниччині Вадим Чорногуз – офіцер Російської імперії.
521 ## - Примітка про цільове призначення
Примітка про цільове призначення Для широкого кола читачів
546 ## - Примітка про мову
Примітка про мову укр.
650 ## - Тематичні рубрики
Основна рубрика Краєзнавча література
Основна підрубрика Літературно - художнє видання
653 ## - Ключові слова
Ключові слова Вадим Чорногуз
-- Боротьба з більшовицькою владою
655 ## - Термін індексування — жанр/форма
Жанр/форма Історична література
Типове ділення Роман
Хронологічне ділення 1919-1930 р.р.
Географічне діленння Україна
942 ## - ADDED ENTRY ELEMENTS (KOHA)
Джерело класифікації чи схема поличного розташування
Koha item type Книги
Фонди
Статус вилучення Статус втрати/відсутності Джерело класифікації чи схема поличного розташування Статус пошкодження Тип обігу (не для випозичання) Постійне розташування Поточне розташування Розташування у відділі Дата надходження Інвентарний номер Total Checkouts Повний (примірниковий) шифр зберігання Штрих-код Date last seen Дата, для якої чинна ціна заміни Тип одиниці (рівень примірника)
          Бібліотека-філія №3 Бібліотека-філія №3 Абонемент старший відділ 28/04/2026 71548   821(477) 4169 28/04/2026 28/04/2026 Книги

Працює на АБІС Коха